La Noción de privilegio es la antitesis de la noción de ciudadanía: entrevista a Elizabeth Jelin
Uloženo v:
| Médium: | Text |
|---|---|
| Témata: | |
| Tagy: |
Přidat tag
Žádné tagy, Buďte první, kdo vytvoří štítek k tomuto záznamu!
|
MARC
| LEADER | 00000 a a2200000 04500 | ||
|---|---|---|---|
| 001 | 4873 | ||
| 003 | |||
| 040 | |||
| 245 | |a La Noción de privilegio es la antitesis de la noción de ciudadanía: |b entrevista a Elizabeth Jelin | ||
| 650 | |a NACIONALIDAD | ||
| 650 | |a SOCIOLOGIA | ||
| 650 | |a FILOSOFIA DE LA EDUCACION | ||
| 773 | |g volumen 4, número 22; páginas 11-14 | ||
| 999 | |c 23485 |d 23485 | ||
